Managerial finance / (Record no. 101626)

MARC details
000 -LEADER
fixed length control field 00748nam a2200253 a 4500
008 - FIXED-LENGTH DATA ELEMENTS--GENERAL INFORMATION
fixed length control field
020 ## - INTERNATIONAL STANDARD BOOK NUMBER
International Standard Book Number 0030558832 (hbk.)
049 ## - LOCAL HOLDINGS (OCLC)
Holding library MAIN
090 ## - LOCALLY ASSIGNED LC-TYPE CALL NUMBER (OCLC); LOCAL CALL NUMBER (RLIN)
Classification number (OCLC) (R) ; Classification number, CALL (RLIN) (NR) HG4026
Local cutter number (OCLC) ; Book number/undivided call number, CALL (RLIN) WES
003 - CONTROL NUMBER IDENTIFIER
control field
005 - DATE AND TIME OF LATEST TRANSACTION
control field 20230120193558.0
040 ## - CATALOGING SOURCE
Transcribing agency NUST
100 1# - MAIN ENTRY--PERSONAL NAME
Personal name Weston, J. Fred.
245 10 - TITLE STATEMENT
Title Managerial finance /
Statement of responsibility, etc. J. Fred Weston, Thomas E. Copeland.(latest editn)
250 ## - EDITION STATEMENT
Edition statement 9th ed.
260 ## - PUBLICATION, DISTRIBUTION, ETC.
Place of publication, distribution, etc. Fort Worth :
Name of publisher, distributor, etc. Dryden Press,
Date of publication, distribution, etc. c1992.
300 ## - PHYSICAL DESCRIPTION
Extent xxi, 1182 p. :
Other physical details ill. ;
Dimensions 24 cm.
504 ## - BIBLIOGRAPHY, ETC. NOTE
Bibliography, etc. note Includes bibliographical references.
500 ## - GENERAL NOTE
General note Includes indexes.
650 #0 - SUBJECT ADDED ENTRY--TOPICAL TERM
Topical term or geographic name entry element Corporations
General subdivision Finance.
700 1# - ADDED ENTRY--PERSONAL NAME
Personal name Copeland, Thomas E.
907 ## - LOCAL DATA ELEMENT G, LDG (RLIN)
a .b10059192
b 09-10-12
c 17-04-03
942 ## - ADDED ENTRY ELEMENTS (KOHA)
Koha item type Ordinary Loan Books
Call number prefix HG4026
Call number suffix WES
Holdings
Date last seen Total Checkouts Full call number Barcode Cost, replacement price Price effective from Koha item type Lost status Source of classification or shelving scheme Damaged status Not for loan Collection Withdrawn status Home library Current library Shelving location Date acquired Cost, normal purchase price
01/20/2023 194 HG4026 WES 92003036066 80.00 01/20/2023 BOOKS-SL   LCC     NFIC   MAIN MAIN GEN 01/20/2023 80.00